[Event "Schleswig Holstein-ch Seniors"]
[Site "Hanerau"]
[Date "2015.04.03"]
[Round "9"]
[White "Bartels, Jens"]
[Black "Gaetsch, Oliver"]
[Result "1-0"]
[WhiteElo "1554"]
[BlackElo "1305"]
[PlyCount "53"]
[EventDate "2015.03.28"]
[EventType "swiss"]
[EventRounds "9"]
[EventCountry "GER"]
[SourceTitle "EXT 2018"]
[Source "ChessBase"]
[SourceDate "2017.10.13"]
[SourceVersion "1"]
[SourceVersionDate "2017.10.13"]
[SourceQuality "1"]

1. c4 e6 2. d4 f5 3. Nf3 Be7 4. Nc3 Nf6 5. Qc2 d5 6. e3 0-0 7. Ne5 c6 8. c5 Nbd7 9. Nxd7 Bxd7 10. b4 b5 11. Be2 a6 12. Bd2 Qc7 13. f3 Rf7 14. a4 Qb7 15. axb5 cxb5 16. 0-0 Bc6 17. Rfb1 Bd8 18. Ra2 Qc8 19. Rba1 Rfa7 20. Bxb5 axb5 21. Rxa7 Rxa7 22. Rxa7 Bc7 23. Qa2 Bb8 24. Ra6 Qc7 25. g3 Nd7 26. e4 Bb7 27. Rxe6 1-0